Personal investment and tax planning yearbook / (Record no. 200522)

MARC details
000 -LEADER
fixed length control field 00710nam a2200241Ia 4500
003 - CONTROL NUMBER IDENTIFIER
control field OSt
005 - DATE AND TIME OF LATEST TRANSACTION
control field 20230725095447.0
008 - FIXED-LENGTH DATA ELEMENTS--GENERAL INFORMATION
fixed length control field 210716s2005 xx 000 0 und d
020 ## - INTERNATIONAL STANDARD BOOK NUMBER
International Standard Book Number 8170946352
040 ## - CATALOGING SOURCE
Transcribing agency AIMIT LIBRARY
041 ## - LANGUAGE CODE
Language code of text/sound track or separate title eng
082 ## - DEWEY DECIMAL CLASSIFICATION NUMBER
Classification number 343.04
Edition number 1
Item number YASN
100 ## - MAIN ENTRY--PERSONAL NAME
Personal name Yasawy, N J.
9 (RLIN) 128285
245 ## - TITLE STATEMENT
Title Personal investment and tax planning yearbook /
Statement of responsibility, etc. By N J Yasaswy.
250 ## - EDITION STATEMENT
Edition statement 1st ed.
260 ## - PUBLICATION, DISTRIBUTION, ETC.
Place of publication, distribution, etc. New Delhi :
Name of publisher, distributor, etc. Vision Books ,
Date of publication, distribution, etc. 2005.
300 ## - PHYSICAL DESCRIPTION
Extent 300,8p. ;
Other physical details PB
Dimensions 21.5 cm
650 ## - SUBJECT ADDED ENTRY--TOPICAL TERM
Topical term or geographic name entry element Taxation
9 (RLIN) 128286
651 ## - SUBJECT ADDED ENTRY--GEOGRAPHIC NAME
Geographic name Union budget 2005-2006
9 (RLIN) 128287
651 ## - SUBJECT ADDED ENTRY--GEOGRAPHIC NAME
Geographic name Personal taxation
9 (RLIN) 128288
651 ## - SUBJECT ADDED ENTRY--GEOGRAPHIC NAME
Geographic name Investing in real estate
9 (RLIN) 128289
942 ## - ADDED ENTRY ELEMENTS (KOHA)
Source of classification or shelving scheme Dewey Decimal Classification
Koha item type Book
Edition 1st
Call number prefix 343.04 YASN
Holdings
Withdrawn status Lost status Source of classification or shelving scheme Damaged status Not for loan Collection code Home library Current library Date acquired Cost, normal purchase price Inventory number Total Checkouts Full call number Barcode Date last seen Cost, replacement price Price effective from Koha item type
    Dewey Decimal Classification     MBA St Aloysius Institute of Management & Information Technology St Aloysius Institute of Management & Information Technology 02/02/2006 235.00 Bill no:1545; Bill dt:2006-01-21   343.04 YASN MBA03087 05/23/2026 188.00 07/16/2021 Book